000 01079nam0a2200289 i 4500
001 RU\NLR\bibl\1907586
005 20260406003919.0
010 _a9785905398414
_9100
021 _aRU
_b2012-34680
_92579
035 _a(NLR Aleph) 001897146
090 _a2998751
_c2998751
100 _a20120528d2012 u y0rusy50 ca
101 0 _arus
102 _aRU
105 _ay |||||||||
200 1 _aЭхо тишины
_eсборник стихотворений
_fАндрей Чернышев
210 _aНовокузнецк
_cСоюз писателей
_d2012
215 _a88, [3] с.
_d20
327 1 _aСодерж.: циклы: Времена года; Моим дорогим...; Смешно до... боли; Душа, затертая до дыр
686 _aШ6(2=Р)8-5
700 1 _4070
_8rus
_7ca
_aЧернышев
_bА. Б.
_cпоэт
_f1960-
_gАндрей Борисович
_3RU\NLR\auth\77113436
_996361
801 0 _aRU
_bNLR
_c20120528
_gRCR
801 1 _aRU
_bNLR
_c20120528
942 _cBOOK
980 _aNBR